| 000 | 00871nam a22002658a 4500 | ||
|---|---|---|---|
| 001 | 015624659 | ||
| 003 | OSt | ||
| 005 | 20201128021020.0 | ||
| 008 | 100804s2011 ne a fr 001 0 eng d | ||
| 020 | _a9781856177078 | ||
| 082 | 0 | 4 |
_a005.133 _222 _bDOU |
| 100 | 1 |
_aDouglass, Bruce Powel _934948 |
|
| 245 | 1 | 0 |
_aDesign patterns for embedded systems in C : _ban embedded software engineering toolkit / _cby Bruce Powel Douglass. |
| 250 | _a1st ed. | ||
| 260 |
_aAmsterdam : _bNewnes / Elsevier, _c2011. |
||
| 300 |
_axix, 450 p. : _bill. ; _c24 cm. |
||
| 500 | _aIndex : p. 437-450. | ||
| 500 | _aAppendix : p. 425-435. | ||
| 650 | 0 |
_aC (Computer program language) _93405 |
|
| 650 | 0 |
_aEmbedded computer systems _xProgramming. _92646 |
|
| 650 | 0 |
_aSoftware patterns _919720 |
|
| 653 |
_bEle _cJanuary2014 |
||
| 655 |
_vreading book _934232 |
||
| 942 |
_2ddc _k005.133 DOU |
||
| 999 |
_c17972 _d17944 |
||